00537nam a2200229Ia 4500008004000000020001500040041000800055082001700063100002100080245005100101260003600152300001200188440000600200650000800206650001400214650000700228650001600235650000600251650001300257650001100270700002600281210210b2003 xxu||||| |||| 00| 0 eng d a012179461X aeng a574.133 COLH aCOLE (Richard J) aHandbook of secondary fungal metabolites Vol I aAmsterdambAcademic Pressc2003 axi,1006 aI aVol asecondary aof ametabolites aI aHandbook afungal aSCHWEIKERT (Milbra A)